| 000 | 00394nam a22001697a 4500 | ||
|---|---|---|---|
| 005 | 20160613122821.0 | ||
| 008 | 160613b xxu||||| |||| 00| 0 eng d | ||
| 020 | _a978-0140-12049-3 | ||
| 041 | _aeng | ||
| 082 | _b7189 | ||
| 100 |
_aTharoor, Sashi _91742 |
||
| 245 | _aThe Great Indian Novel | ||
| 260 |
_bPenguin Classic _c1989 |
||
| 300 | _a418 | ||
| 650 |
_aManagement _9241 |
||
| 942 | _cBK | ||
| 999 |
_c2493 _d2492 |
||